000 01036 a2200217 4500
005 20080904101017.0
008 080904t xxu||||| |||| 00| 0 hin d
010 _aHIN-78947
020 _a8189829017
_c350.00
035 _aHN-51294
037 _bD.B.Act. / pub
082 _a821.08
100 _aशर्मा, सुधीर
245 _aसूर का राम काव्य
_cसुधीर शर्मा
246 _aSoor ka Ram kavya
_bby Sudheer Sharma
260 _aदिल्ली
_bनवलोक प्रकाशन
_c2006
270 _aबी- 422 , गली नं 21, भजनपुरा
_bदिल्ली
_e110053
_k011-55796579
300 _a168पृ
_c22सेमी (सजिल्द)
942 _adpl
_cHN
_k821.08 / शर्मासु
_2ddc
_h821.08
_mशर्मासु
999 _c1055
_d1055